00538nam a2200193Ia 4500003000400000005001700004008004100021040000700062041000800069082001600077100002500093110006100118245007900179260004100258300001000299365001200309563000700321650001600328OSt20250207145741.0210707s1980 xx 000 0 und d cAL ahin aH891.2 AGRK aAGRVAL (Vipin Kumar) bअग्रवाल (विपिन कुमार)  aKoye huye admi ki koj:bकोई हुए आदमी के खोज  aIlahabadbLokbharati Prakashanc1980 a133 p b14cINR aHB aHindi Drama